000 01943cam a22003374a 4500
001 13043524
005 20100707072132.0
008 021230s2003 waua b 001 0 eng
010 _a 2002045512
020 _a0735618798
020 _a9780735618794
040 _aDLC
_cDLC
_dDLC
042 _apcc
050 0 0 _aQA76.76.D47
_bW517 2003
082 0 0 _a005.1
_221
_bWIE
100 1 _aWiegers, Karl Eugene,
_d1953-
_921166
245 1 0 _aSoftware Requirements :
_bPractical Techniques for Gathering and Managing Requirements throughout the Product Development Cycle /
_cKarl E. Wiegers.
250 _a2nd ed.
260 _aRedmond, Wash. :
_bMicrosoft Press, 2003
_c2003.
300 _axix, 516 p. :
_bill. ;
_c23 cm.
504 _aIncludes bibliographical references (p. 491-504) and index.
650 0 _aComputer software
_xDevelopment.
_921167
856 4 2 _3Publisher description
_uhttp://www.loc.gov/catdir/enhancements/fy1004/2002045512-d.html
856 4 1 _3Table of contents only
_uhttp://www.loc.gov/catdir/enhancements/fy1009/2002045512-t.html
942 _2ddc
_cBB
999 _c14836
_d14836